<?xml version="1.0" encoding="UTF-8"?>
<record
    xmlns:xsi="http://www.w3.org/2001/XMLSchema-instance"
    xsi:schemaLocation="http://www.loc.gov/MARC21/slim http://www.loc.gov/standards/marcxml/schema/MARC21slim.xsd"
    xmlns="http://www.loc.gov/MARC21/slim">

  <leader>00857nam a2200193Ia 4500</leader>
  <controlfield tag="008">090124s9999    xx            000 0 und d</controlfield>
  <datafield tag="082" ind1=" " ind2=" ">
    <subfield code="b">5531</subfield>
  </datafield>
  <datafield tag="100" ind1=" " ind2=" ">
    <subfield code="a">&#x92E;&#x945;&#x915;&#x92E;&#x93F;&#x932;&#x928; &#x935;&#x94D;&#x939;&#x940;&#x932;&#x930;</subfield>
  </datafield>
  <datafield tag="245" ind1=" " ind2=" ">
    <subfield code="a"> &#x938;&#x941;&#x92B;&#x932;&#x93E; &#x92D;&#x942;&#x92E;&#x940; &#x905;&#x92E;&#x947;&#x930;&#x93F;&#x915;&#x928; &#x936;&#x947;&#x924;&#x940;&#x91A;&#x940; &#x915;&#x939;&#x93E;&#x923;&#x940;</subfield>
  </datafield>
  <datafield tag="250" ind1=" " ind2=" ">
    <subfield code="a">1</subfield>
  </datafield>
  <datafield tag="260" ind1=" " ind2=" ">
    <subfield code="b">&#x935;&#x94B;&#x930;&#x93E; &#x905;&#x901;&#x928;&#x94D;&#x921; &#x915;&#x902;. &#x92A;&#x92C;&#x94D;&#x932;&#x93F;&#x936;&#x930;&#x94D;&#x938;  &#x92A;&#x94D;&#x930;&#x93E;. &#x932;&#x93F;. &#x92E;&#x941;&#x902;&#x92C;&#x908;</subfield>
    <subfield code="c">1965</subfield>
  </datafield>
  <datafield tag="300" ind1=" " ind2=" ">
    <subfield code="a">132</subfield>
  </datafield>
  <datafield tag="600" ind1=" " ind2=" ">
    <subfield code="a">&#x92E;&#x945;&#x915;&#x92E;&#x93F;&#x932;&#x928; &#x935;&#x94D;&#x939;&#x940;&#x932;&#x930;</subfield>
  </datafield>
  <datafield tag="630" ind1=" " ind2=" ">
    <subfield code="a"> &#x938;&#x941;&#x92B;&#x932;&#x93E; &#x92D;&#x942;&#x92E;&#x940; &#x905;&#x92E;&#x947;&#x930;&#x93F;&#x915;&#x928; &#x936;&#x947;&#x924;&#x940;&#x91A;&#x940; &#x915;&#x939;&#x93E;&#x923;&#x940;</subfield>
  </datafield>
  <datafield tag="700" ind1=" " ind2=" ">
    <subfield code="a">&#x92E;&#x945;&#x915;&#x92E;&#x93F;&#x932;&#x928; &#x935;&#x94D;&#x939;&#x940;&#x932;&#x930;</subfield>
  </datafield>
  <datafield tag="700" ind1=" " ind2=" ">
    <subfield code="a">&#x915;&#x941;&#x932;&#x915;&#x930;&#x94D;&#x923;&#x940; &#x92A;&#x926;&#x94D;&#x92E;&#x93E;&#x915;&#x930;</subfield>
  </datafield>
  <datafield tag="730" ind1=" " ind2=" ">
    <subfield code="a"> &#x938;&#x941;&#x92B;&#x932;&#x93E; &#x92D;&#x942;&#x92E;&#x940; &#x905;&#x92E;&#x947;&#x930;&#x93F;&#x915;&#x928; &#x936;&#x947;&#x924;&#x940;&#x91A;&#x940; &#x915;&#x939;&#x93E;&#x923;&#x940;</subfield>
  </datafield>
  <datafield tag="942" ind1=" " ind2=" ">
    <subfield code="c">BOOK</subfield>
  </datafield>
  <datafield tag="999" ind1=" " ind2=" ">
    <subfield code="c">84456</subfield>
    <subfield code="d">84456</subfield>
  </datafield>
  <datafield tag="952" ind1=" " ind2=" ">
    <subfield code="0">0</subfield>
    <subfield code="1">0</subfield>
    <subfield code="4">0</subfield>
    <subfield code="7">0</subfield>
    <subfield code="a">THNNWM</subfield>
    <subfield code="b">THNNWM</subfield>
    <subfield code="d">0000-00-00</subfield>
    <subfield code="g">3.00</subfield>
    <subfield code="l">0</subfield>
    <subfield code="o">5531</subfield>
    <subfield code="p">THNNWM-5531</subfield>
    <subfield code="r">2009-01-24 00:00:00</subfield>
    <subfield code="v">3.00</subfield>
    <subfield code="w">2009-01-24</subfield>
    <subfield code="y">BOOK</subfield>
  </datafield>
</record>
